000 00451nam a2200181Ia 4500
001 25034
005 20260414151123.0
008 260414t2011||||xx |||||||||||||| ||spa||
041 _aESP
082 _a346.1J
_bE91
100 _aEsquivel Oviedo, Juan Carlos [dir.]
_eAUT
245 0 _aCasuĂ­stica de jurisprudencia civil
_b
260 _c2011
300 _a606 páginas :
_c25 cm.
650 _aDER
654 _aCDE
942 _cLIB
_dJUS
_fJUS
_2ddc
_n
999 _c25034
_d25034